Advanced Science Quiz - Statistics

General Stats
  • This quiz has been taken 1,913 times
  • The average score is 7 of 13
Answer Stats
Hint Answer % Correct
'Ra' stands for what element? Radium
90%
What is the most abundant element in the universe? Hydrogen
88%
The weakest of all the 4 fundamental forces is? Gravitation
67%
What electromagnetic waves have the greatest wavelengths? Radio Waves
67%
What celestial bodies cause supernovae? Stars
67%
'Principia Mathematica' is whose book? Isaac Newton
58%
The Uncertainity Principle was given by? Werner Heisenberg
58%
Two up quarks and one down quark are in a...? Proton
56%
The resultant of minimum how many non zero vectors in the same plane can be 0? 2
52%
Helium nuclei are also called _____ particles. alpha
52%
Torque produces what effect? Rotation
44%
What is the radius of a black hole called? Schwarzschild radius
18%
Which is the first artificially produced ORGANIC compound? Urea
14%
No matching quizzes found
Score Distribution
Percent of People with Each Score
Percentile by Number Answered
Your Score History
You have not taken this quiz